Americas by Name Length Quiz Stats

 Plays Quiz Updated Oct 31, 2017

Score 0/35 Timer 05:00
0 Plays Today
Beginning Letter Country % Correct
PPeru
96.5%
CCuba
95.3%
CChile
92.6%
HHaiti
91.1%
CCanada
84.7%
UUruguay
83.3%
BBrazil
83.2%
MMexico
82%
EEcuador
81.5%
PPanama
80.1%
VVenezuela
80.1%
BBelize
80%
UUnited States of America
79.3%
JJamaica
79%
AArgentina
77.3%
PParaguay
76.4%
HHonduras
76.3%
GGuyana
75.2%
Beginning Letter Country % Correct
CColombia
74.5%
BBolivia
74%
NNicaragua
71.9%
DDominican Republic
71%
GGuatemala
70.8%
DDominica
68.8%
BBahamas
68.2%
TTrinidad and Tobago
67.3%
SSuriname
65.9%
EEl Salvador
64.7%
CCosta Rica
63.4%
BBarbados
61.9%
GGrenada
61.4%
SSaint Kitts and Nevis
59.8%
AAntigua and Barbuda
59.7%
SSaint Vincent + Gren.
55.8%
SSaint Lucia
50.9%

You're not logged in!

Compare scores with friends on all Sporcle quizzes.
OR
Log In

Sporcle TV

Today on Sporcle TV


Watch our educational content, quiz creation guides, and fun videos on Sporcle TV.

Show Comments

Extras

Top Quizzes Today


Score Distribution

Your Account Isn't Verified!

In order to create a playlist on Sporcle, you need to verify the email address you used during registration. Go to your Sporcle Settings to finish the process.

Report this User

Report this user for behavior that violates our Community Guidelines.

Details: